Urban and regional planning

Saved in:
书目详细资料
主要作者: Hall, Peter
格式: 图书
出版: New York : Penguin, c1980
主题:
标签: 添加标签
没有标签, 成为第一个标记此记录!

MARC

LEADER 00000nam a2200000 4500
020 |a NA  |c TZS 675 
040 |a MUL  |b eng  |e AACR 
082 |a 309.926 HAL 
100 |a Hall, Peter 
245 |a Urban and regional planning  |c / Peter Hall 
260 |a New York :  |b Penguin,  |c c1980 
300 |a xvii,312 p. :  |b ill. ;  |c 23 cm 
504 |a Includes index 
546 |a eng 
650 |a Urban planning 
942 |c BK 
999 |c 7785  |d 7785